Quess the NBA player nicknames - Statistics

General Stats
  • This quiz has been taken 45 times
    44 since last reset
  • The average score is 22 of 39
Answer Stats
Hint Answer % Correct
Black Mamba Kobe Bryant
97%
The Greek Freak Giannis Antetokounmpo
91%
The G.O.A.T Michael Jordan
91%
The Beard James Harden
83%
Larry Legend Larry Bird
83%
CP3 Chris Paul
80%
Melo Carmelo Anthony
77%
Deisel Shaq
77%
Uncle Drew Kyrie Irving
74%
The Great Wall of China Yao Ming
74%
The Brow Anthony Davis
71%
The Logo Jerry West
69%
The Chosen One/King Lebron James
69%
Mailman Karl Malone
63%
T-Mac Tracy Mcgrady
63%
The Answer Allen Iverson
60%
The Claw Kawhi Leonard
60%
Nate The Great Nate Robinson
57%
The Admiral David Robinson
54%
German Jesus Dirk Nowitzki
54%
The Big Fundamental Tim Duncan
54%
The Glove Gary Payton
51%
Big O Oscar Robertson
51%
Air Canada Vince Carter
51%
The Stilt Wilt Chamberlain
51%
The Human Highlight Reel Dominique Wilkins
49%
White Chocolate Jason Williams
46%
The Big Ticket Kevin Garnett
46%
The Truth Paul Pierce
46%
Boogie Demarcus Cousins
37%
The Process Joel Embiid
37%
The Captain Kareem Abdul-Jabbar
34%
Flash Dwyane Wade
31%
White Mamba Brian Scalabrine
29%
Swaggy P Nick Young
29%
The Houdini of the Hardwood Bob Cousy
26%
D.O.L.L.A Damian Lillard
17%
Cardiac Kemba Walker
11%
The President Malcolm Brogdon
9%
No matching quizzes found
Score Distribution
Percent of People with Each Score
Percentile by Number Answered
Your Score History
You have not taken this quiz since the last reset